| 000 | 00775cab a2200265 4500 | ||
|---|---|---|---|
| 001 | ABS44280 | ||
| 008 | 090401t1991 xxu||||| |||| 00| 0 eng d | ||
| 035 | _a(Sirsi) u46337 | ||
| 041 | _aeng | ||
| 100 | _aTownsend-Rose, J. | ||
| 245 | _aChoosing grazing or gravel | ||
| 260 | _c1991 | ||
| 350 | _a0 | ||
| 490 |
_aField _v273 (7041) April 1991, 38 (1) |
||
| 520 | _aTax planning , establishing ownership , reclamation after extraction, royalties and licenses are the key factors discussed in this article on mineral planning . | ||
| 650 | _aAGGREGATES | ||
| 650 | _aFARMLAND | ||
| 650 | _aLANDFILL SITES | ||
| 650 | _aOPTIONS | ||
| 650 | _aPLANNING PERMISSION | ||
| 650 | _aTAXATION | ||
| 690 | _aMINING AND MINERALS | ||
| 942 | _n0 | ||
| 948 | _c04/03/1997 | ||
| 999 |
_c29316 _d29316 |
||